Toyota Hybrids - Statistics

General Stats
  • This quiz has been taken 51 times
  • The average score is 7 of 10
Answer Stats
Hybrid Hint Answers % Correct
Toyota’s Most Successful Hybrid Prius
92%
Popular Sedan Camry
89%
World’s Most Sold Vehicle Corolla
89%
Most Sold Toyota SUV RAV4
79%
SUV Highlander
76%
Minivan Sienna
68%
Sedan Avalon
55%
PHV Version of the Above Prius Prime
53%
PHV RAV4 Prime
37%
SUV Venza
29%
No matching quizzes found
Score Distribution
Percent of People with Each Score
Percentile by Number Answered
Your Score History
You have not taken this quiz